| 000 | 00496nam a22001457a 4500 | ||
|---|---|---|---|
| 008 | 150324b xxu||||| |||| 00| 0 eng d | ||
| 050 | _aJQ2923 2013 | ||
| 100 |
_aZimbabwe Government _916461 |
||
| 245 |
_aThe Constitution of The Republic of Zimbabwe Amendment (No. 20) _cZimbabwe Government _bSummarised version |
||
| 260 |
_aZimbabwe _bZimbabwe Government _c2013 |
||
| 300 |
_a60p. ; _c14cm. |
||
| 500 | _aSummarized version | ||
| 650 |
_aConstitution _zZimbabwe _916462 |
||
| 942 |
_2lcc _cMONOGRAPH |
||
| 999 |
_c122471 _d122471 |
||